Comment s'appelle ce majordome de fiction? - Statistiques

Statistiques générales
  • Ce quiz a été pris 16 fois
  • Le résultat moyen est 3 sur 10
Statistiques - réponses
Description Nom du majordome % Correct
Majordome deBruce Wayne Alfred
79%
Majordome duCapitaine Haddock Nestor
71%
Majordome dans Les Aristochats Edgar
43%
Majordome de La Bête (Disney) Big Ben
36%
Majordome de Kaya Merry
14%
Majordome de Picsou Baptiste
7%
Majordome de la famille Banks Geoffrey
7%
Majordome de laFamille Adams Lurch
7%
Majordome de Ciel Phantomhive Sebastian
7%
Majordome de lafamille Zoldyck Gotoh
0%
Aucun quiz correspondant
Distribution des résultats
% des personnes avec chaque résultat
Percentile par nombre de réponses
Votre historique - résultats
Vous n’avez pas pris ce quiz